000
00433nam a2200145Ia 4500
008
100204s9999 xx 000 0 und d
082
_b
7686
100
_a
रांगणेकर कुमुदिनी
245
_a
कल्पना
260
_b
"मनोरमा प्रकाशन , मुंबई"
_c
1985 2
300
_a
148
630
_a
कल्पना
730
_a
कल्पना
942
_c
BOOK
999
_c
452122
_d
452119